000 00652nam a22002177a 4500
999 _c17879
_d17879
003 AR-CdUCM
008 190510b ||||| |||| 00| 0 spa d
040 _aMUNICIPALIDAD PROVINCIAL DEL CUSCO
_cBIBLIOTECA MUNICIPAL DEL CUSCO
041 _heng
082 _a818.5 /
_bF24
100 _aFast, Howard
_910498
245 _aOcurrió en clarkton /
260 _aBuenos Aires :
_bSiglo veinte,
_c1959.
300 _a203 pƔginas ;
_c21 cm.
505 _aContenido: Novela
650 _aLiteratura estadounidense
_911000
650 _aSiglo XX.
_98
700 _aCanto, Patricio (traductora)
_938090
942 _2ddc
_cLIBROS
945 _aacv
_d2019-05-10